000 00707nam a22001697a 4500
003 UA-OsUOA
001 17981
007 ta
008 20040407b un ||||| |||| 00| 0 ukr d
942 _cSA
040 _aUA-OsUOA
_cUA-OsUOA
_dUA-OsUOA
245 _a"Вечір" людського життя: У Рівнен. облмуздрамтеатрі відбулася прем'єра диплом. роботи випускниці Київ. театр. ін-ту ім. Карпенка- Карого І.Зінченко
300 _aС.5
955 _a0
773 0 _w0
_tРівненська газета
_dРівне
_d2004
_g№18/31 берез./
650 7 _aКраєзнавча робота
_2UDC
999 _c304151
_d304151